Mathieusche Funktionen und Spharoidfunktionen : (Record no. 6625)
[ view plain ]
| 000 -LEADER | |
|---|---|
| fixed length control field | 01105nam a2200301 a 4500 |
| 001 - CONTROL NUMBER | |
| control field | 6625 |
| 003 - CONTROL NUMBER IDENTIFIER | |
| rucl marc code | BD-RjUL |
| 005 - DATE AND TIME OF LATEST TRANSACTION | |
| control field | 20211208234300.0 |
| 008 - FIXED-LENGTH DATA ELEMENTS--GENERAL INFORMATION | |
| fixed length control field | 110114s1954 wb a 001 0 ger d |
| 035 ## - SYSTEM CONTROL NUMBER | |
| System control number | CURL 020000147686(Edi) from wsc204 |
| -- | (BD-RjUL)6666 |
| 040 ## - CATALOGING SOURCE | |
| Original cataloging agency | DLC |
| Transcribing agency | GAT/OCL/EUX |
| Language of cataloging | eng |
| Modifying agency | BD-RjUL |
| 041 ## - LANGUAGE CODE | |
| Language code of text/sound track or separate title | eng |
| 082 04 - DEWEY DECIMAL CLASSIFICATION NUMBER | |
| Edition number | 18 |
| Classification number | 517.5 |
| Author mark and year | MEM 1954 |
| 100 1# - MAIN ENTRY--PERSONAL NAME | |
| Personal name | Meixner, Josef, |
| Dates associated with a name | 1908-1994 |
| 9 (RLIN) | 20828 |
| 245 10 - TITLE STATEMENT | |
| Title | Mathieusche Funktionen und Spharoidfunktionen : |
| Remainder of title | mit Anwendungen auf physikalische und technische Probleme / |
| Statement of responsibility, etc. | von Josef Meixner und Friedrich Wilhelm Schafke. |
| 260 ## - PUBLICATION, DISTRIBUTION, ETC. (IMPRINT) | |
| Place of publication, distribution, etc. | Berlin : |
| Name of publisher, distributor, etc. | Springer-Verlag, |
| Date of publication, distribution, etc. | 1954. |
| 300 ## - PHYSICAL DESCRIPTION | |
| Pagination | xii, 414 p. : |
| Illustrations | ill. ; |
| Size | 24 cm. |
| 490 1# - SERIES STATEMENT | |
| Series statement | Grundlehren der mathematischen Wissenschaften ; |
| Volume/sequential designation | bd.71 |
| 504 ## - BIBLIOGRAPHY, ETC. NOTE | |
| Bibliography, etc | Bibliography: p.[393]-408. |
| 650 #0 - SUBJECT ADDED ENTRY--TOPICAL TERM | |
| Topical term or geographic name as entry element | Spheroidal functions. |
| 9 (RLIN) | 20829 |
| Topical term or geographic name as entry element | Mathieu functions. |
| 9 (RLIN) | 20830 |
| 700 1# - ADDED ENTRY--PERSONAL NAME | |
| Personal name | Schäfke, Friedrich Wilhelm, |
| Dates associated with a name | 1922-2010 |
| 830 #0 - SERIES ADDED ENTRY--UNIFORM TITLE | |
| Volume number/sequential designation | bd.71 |
| 830 #0 - SERIES ADDED ENTRY--UNIFORM TITLE | |
| Uniform title | Grundlehren der mathematischen Wissenschaften ; |
| 942 ## - ADDED ENTRY ELEMENTS (KOHA) | |
| Source of classification or shelving scheme | Dewey Decimal Classification |
| Koha item type | Books |
| Lost status | Source of classification or shelving scheme | Damaged status | Not for loan | Permanent Location | Current Location | Shelving location | Date acquired | Source of acquisition | Cost, normal purchase price | Total Checkouts | Full call number | Date last seen | Copy number | Koha item type |
|---|---|---|---|---|---|---|---|---|---|---|---|---|---|---|
| Dewey Decimal Classification | Not For Loan | Central Library, University of Rajshahi | Central Library, University of Rajshahi | 31/12/1968 | Zeitlinger | 326.40 | 517.5 MEM 1954 | 11/01/2014 | C-1 | Books |